Open Data Biblioteca Nacional de Portugal


República Portuguesa: Ministério da Cultura
Biblioteca Nacional de Portugal

Catálogo da BNP: acesso por Identificadores Unívocos
Registos Bibliográficos associados ao registo de autoridade

Etiqueta de registo: 00000nkm 2200025 450
001 2254440
003 http://id.bnportugal.gov.pt/bib/catbnp/2254440
100 ## $a20260126d1993 m y0pory01030103ba
101 0# $apor
102 ## $aPT
200 1# $aFestas em honra de Santa Rita de Cássia, Caminha, 5-8 agosto 1993$bVisual gráfico]$fCâmara Municipal de Caminha$gdesign Atelier Rui Cunha - V. N. Cerveira
210 #9 $aCaminha$cCâmara Municipal de Caminha,$d1993$eViana do Castelo :$gGutenberg)
215 ## $a1 cartaz$ccolor.$d69x47,8 cm
675 ## $a766(=1:469)"199"(084.5)$vBN$zpor$3589138
710 12 $aFestas de Santa Rita de Cássia,$eCaminha,$f1993$31981346
711 01 $aCaminha.$bCâmara Municipal$3116960
712 02 $aAtelier Ruicunha Design$4410$3216005
801 #0 $aPT$bBN$gRPC
966 ## $lBN$mICONOG$sCT. 17775 A.$x1
971 ## $cCaticonografia9$d20260126
972 ## $d20260520$e2$vtoliveira$z0
995 ## $aPRR2026 $d20260126$iCaticonografia9

OpendataBNP@bnportugal.pt | Mais informação sobre acesso aos dados BNP